Insect pests of tropical food legumes / (Record no. 18758)

000 -LEADER
fixed length control field 00511pam a2200181 a 4500
020 ## - INTERNATIONAL STANDARD BOOK NUMBER
ISBN 0471923907 :
040 ## - CATALOGING SOURCE
Transcribing agency DLC
082 00 - DEWEY DECIMAL CLASSIFICATION NUMBER
Classification number 635 JWI 1990 C152 Or.
245 00 - TITLE STATEMENT
Title Insect pests of tropical food legumes /
260 ## - PUBLICATION, DISTRIBUTION, ETC. (IMPRINT)
Place of publication Chichester, England ;
-- New York :
Name of publisher J. Wiley,
Year of publication c1990.
300 ## - PHYSICAL DESCRIPTION
Number of Pages xvi, 451 p., [16] p. of plates :
Other physical details ill. (some col.) ;
Dimensions 24 cm.
650 #0 - SUBJECT ADDED ENTRY--TOPICAL TERM
Topical Term Legumes
650 #0 - SUBJECT ADDED ENTRY--TOPICAL TERM
Topical Term Insect pests
650 #0 - SUBJECT ADDED ENTRY--TOPICAL TERM
Topical Term Legumes as food
650 #0 - SUBJECT ADDED ENTRY--TOPICAL TERM
Topical Term Tropical crops
700 1# - ADDED ENTRY--PERSONAL NAME
Personal name Singh, S. R.
942 ## - ADDED ENTRY ELEMENTS (KOHA)
Koha item type ADB
952 ## - LOCATION AND ITEM INFORMATION (KOHA)
Withdrawn status [LOCAL, KOHA] 0
Holdings
Koha item type Source of acquisition Lost status Permanent Location Current Location Date acquired Full call number
សៀវភៅភាសាអង់គ្លេសA34344 Library Block CLibrary Block C2020-01-21635 JWI 1990 C152 Or.
មជ្ឈមណ្ឌលឯការនៃសាកលវិទ្យាល័យភូមិន្ទកសិកម្មចំការដូង

Powered by Koha